000 00445nam a2200157 a 4500
001 000029299
005 20200930055447.0
008 110414s1970 dr c 000 | spa d
040 _aDO-SdBNP
_bspa
_cBNPHU
082 _axxx
_bC794f
100 1 _aCordero, Armándo
_936596
245 1 0 _aFalsa impugnaciones /
_cArmándo Cordero.
260 _aSanto Domingo :
_bEditorial Ovaciones,
_c1970.
300 _a40 p. :
_bretrs. ;
_c21 cm.
049 _aBNPD
999 _c28791
_d28791